00501 2200193 4500001002100000005001500021008004100036020002500077035001900102041000700121082001100128090001700139100001600156245004500172250001000217260004100227300002300268650001600291INLIS00000000000110820241224112304241224||||||||| | ||| |||| || |  aISBN 978-979-769-174 0010-1224001108 aid0 a370. 1 a370. 1 HUS d0 aHusein Umar00aDesain Penelitian Akuntansi Keperilakuan aEd. 1 aJakartabRaja Grafindo Persadac2008 ax, 238 hlm.; 21 cm 0aIlmu Sosial